书目信息 |
| 题名: |
住宅室内设计
|
|
| 作者: | 覃斌 , 朱砂 主编 | |
| 分册: | ||
| 出版信息: | 北京 化学工业出版社 2024.08 |
|
| 页数: | 261页 | |
| 开本: | 26cm | |
| 丛书名: | 室内装饰精品课系列教材 | |
| 单 册: | ||
| 中图分类: | TU241.02 | |
| 科图分类: | ||
| 主题词: | 住宅--zhu zhai--室内装饰设计--教材 | |
| 电子资源: | ||
| ISBN: | 978-7-122-45358-7 | |
| 000 | 01147nam 2200277 450 | |
| 001 | 95624 | |
| 005 | 20250902175211.18 | |
| 010 | @a978-7-122-45358-7@dCNY76.00 | |
| 100 | @a20240911d2024 em y0chiy50 ea | |
| 101 | 0 | @achi |
| 102 | @aCN@b110000 | |
| 105 | @aa a 000yy | |
| 106 | @ar | |
| 200 | 1 | @a住宅室内设计@Azhu zhai shi nei she ji@f覃斌, 朱砂主编 |
| 210 | @a北京@c化学工业出版社@d2024.08 | |
| 215 | @a261页@c图 (部分彩图)@d26cm | |
| 225 | 2 | @a室内装饰精品课系列教材@Ashi nei zhuang shi jing pin ke xi lie jiao cai |
| 320 | @a有书目 | |
| 330 | @a本书以住宅室内设计的实际工作流程为导向进行编写, 介绍了目前国内在住宅室内设计领域的基本理论和常用设计方法, 展示了多个住宅室内设计的优秀案例, 并通过设计案例对勘察现场与量房、设计风格的选择与设计意向的确定、空间规划与布局设计、界面装饰设计、软装陈设设计、灯饰与照明设计、家居生活设备设施的选用等方面的内容进行了讲解。 | |
| 410 | 0 | @12001 @a室内装饰精品课系列教材 |
| 606 | 0 | @a住宅@Azhu zhai@x室内装饰设计@j教材 |
| 690 | @aTU241.02@v5 | |
| 701 | 0 | @a覃斌@Aqin bin@4主编 |
| 701 | 0 | @a朱砂@Azhu sha@4主编 |
| 801 | 0 | @aCN@c20250909 |
| 905 | @a河南城建学院图书馆@dTU241.02@eL569@f1 | |
| 住宅室内设计/覃斌, 朱砂主编.-北京:化学工业出版社,2024.08 |
| 261页:图 (部分彩图);26cm.-(室内装饰精品课系列教材) |
| ISBN 978-7-122-45358-7:CNY76.00 |
| 本书以住宅室内设计的实际工作流程为导向进行编写, 介绍了目前国内在住宅室内设计领域的基本理论和常用设计方法, 展示了多个住宅室内设计的优秀案例, 并通过设计案例对勘察现场与量房、设计风格的选择与设计意向的确定、空间规划与布局设计、界面装饰设计、软装陈设设计、灯饰与照明设计、家居生活设备设施的选用等方面的内容进行了讲解。 |
| ● |
| 相关链接 |
|
|
|
正题名:住宅室内设计
索取号:TU241.02/L569
 
预约/预借
| 序号 | 登录号 | 条形码 | 馆藏地/架位号 | 状态 | 备注 |
| 1 | 1629682 | 216296826 | 建筑库101/101建筑库 63排3列2层/ [索取号:TU241.02/L569] | 在馆 |